00000000nam 2200000zi 4500
0019.947313
003CaOODSP
00520250123131542
006m     o  d f      
007cr |n|||||||||
008250123s1939    oncade  o    f000 0 eng d
040 |aCaOODSP|beng|erda|cCaOODSP
043 |an-cn-bc
043 |an-cnp--
0861 |aA52-268/1939E-PDF
0861 |zA51-65E-PDF
1001 |aMoynan, John C., |eauthor.
24510|aDivision of Illustration Stations, progress report 1934 to 1938 : |bpart 2 : Manitoba, Saskatchewan, Alberta and British Columbia / |cJ. C. Moynan.
264 1|aOttawa, Canada : |bMinister of Agriculture, |c1939
300 |a1 online resource (130 pages) : |billustrations, charts, plans
336 |atext|btxt|2rdacontent
337 |acomputer|bc|2rdamedia
338 |aonline resource|bcr|2rdacarrier
500 |aDigitized edition from print [provided by Agriculture and Agri-Food Canada].
61015|aCanada. |bDivision of Illustration Stations.
61015|aCanada. |bService des stations de démonstration.
650 0|aAgricultural experiment stations|zCanada, Western.
650 6|aStations agronomiques|zCanada (Ouest)
7101 |aCanada. |bDivision of Illustration Stations, |eissuing body.
7102 |aDominion Experimental Farms and Stations (Canada), |eissuing body.
85640|qPDF|s22.70 MB|uhttps://publications.gc.ca/collections/collection_2024/aac-aafc/A51-65-1934-2-eng.pdf